Grenada Parish/Dependency Capitals - Statistics

General Stats
  • This quiz has been taken 21 times
  • The average score is 5 of 8
Answer Stats
Hint Answer % Correct
Saint George St. George's
100%
Petite Martinique North Village
80%
Saint Andrew Grenville
60%
Carriacou Hillsborough
60%
Saint David St. David's
60%
Saint Mark Victoria
60%
Saint John Gouyave
20%
Saint Patrick Sauteurs
20%
No matching quizzes found
Score Distribution
Percent of People with Each Score
Percentile by Number Answered
Your Score History
You have not taken this quiz